000 00255nam a2200097Ia 4500
001 1062216
005 20250827001634.0
008 250824s9999 xx 000 0 und d
245 0 _aBELLEK VE BAŞKA TUZAKLAR
_cAYKUT ERTUĞRUL
260 _bKETEBE YAYINLARI
999 _c1062216
_d1062216